[Event "Challenge"]
[Site "http://www.queenalice.com/game.php?id=560181"]
[Date "2009.3.23"]
[Round "-"]
[White "tewald"]
[Black "myrmidon"]
[Result "1-0"]
[WhiteElo "1851"]
[BlackElo "1100"]

1. e4 e5 2. Nf3 Nc6 3. g3 Nf6 4. d3 h6 5. Nbd2 d6 6. Bg2 Be7 7. c3 O-O 8. O-O
Be6 9. h3 d5 10. exd5 Bxd5 11. Re1 Bd6 12. a3 Re8 13. b4 1-0

[Event "Challenge"]
[Site "http://www.queenalice.com/game.php?id=560184"]
[Date "2009.3.23"]
[Round "-"]
[White "rob0330"]
[Black "myrmidon"]
[Result "1-0"]
[WhiteElo "1881"]
[BlackElo "1100"]

1. b3 e5 2. Bb2 d6 3. e3 a6 4. Nf3 Nc6 5. Be2 Nf6 6. O-O Be7 7. d4 e4 8. Nfd2
O-O 9. f3 exf3 10. Bxf3 Qd7 11. d5 Ne5 12. Bxe5 dxe5 13. e4 c6 14. c4 Bc5+ 15.
Kh1 Bd4 16. Na3 Bxa1 17. Qxa1 Qc7 18. Nc2 Bd7 19. c5 Rfe8 20. d6 Qd8 21. Nc4 Be6
22. Nxe5 h6 23. Nd4 Bxb3 24. axb3 Rxe5 25. Nxc6 bxc6 26. Qxe5 1-0

[Event "Challenge"]
[Site "http://www.queenalice.com/game.php?id=560199"]
[Date "2009.3.23"]
[Round "-"]
[White "Rapha66"]
[Black "myrmidon"]
[Result "1-0"]
[WhiteElo "1846"]
[BlackElo "1100"]

1. e4 e5 2. Nf3 Nc6 3. Bb5 a6 4. Bxc6 dxc6 5. d3 Bd6 6. h3 h6 7. a3 c5 8. Nc3 c6
9. Be3 Qc7 10. Nh4 Ne7 11. Qf3 Be6 12. Qg3 g6 13. Ne2 O-O-O 14. Nf3 f5 15. Qh2
c4 16. Bd2 c5 17. Rd1 cxd3 18. cxd3 fxe4 19. dxe4 1-0

[Event "Challenge"]
[Site "http://www.queenalice.com/game.php?id=560203"]
[Date "2009.3.23"]
[Round "-"]
[White "Rutty"]
[Black "myrmidon"]
[Result "1-0"]
[WhiteElo "1950"]
[BlackElo "1100"]

1. e4 e5 2. Nf3 Nc6 3. Bc4 h6 4. O-O d6 5. h3 Nf6 6. Nc3 Be7 7. d3 O-O 8. Be3
Bd7 9. Qe2 Qc8 10. Nh2 Be6 11. Bb3 Bxb3 12. axb3 Re8 13. f4 exf4 14. Rxf4 Qd7
15. Ng4 Ne5 16. Nxe5 1-0

[Event "Challenge"]
[Site "http://www.queenalice.com/game.php?id=560205"]
[Date "2009.3.23"]
[Round "-"]
[White "carver"]
[Black "myrmidon"]
[Result "1-0"]
[WhiteElo "1984"]
[BlackElo "1100"]

1. d4 d5 2. c4 e6 3. Nc3 h6 4. a3 Nf6 5. Bf4 a6 6. e3 c5 7. Nf3 Nc6 8. dxc5 Bxc5
9. b4 Bd6 10. Bxd6 Qxd6 11. c5 Qe7 12. Nd4 O-O 13. Nxc6 bxc6 14. Na4 Nd7 15. Bd3
a5 16. Nc3 Ba6 17. O-O Bxd3 18. Qxd3 Ra7 19. Ra2 axb4 20. axb4 Rfa8 21. Rfa1
Rxa2 22. Rxa2 Rxa2 23. Nxa2 1-0

[Event "Challenge"]
[Site "http://www.queenalice.com/game.php?id=560216"]
[Date "2009.3.23"]
[Round "-"]
[White "leiva2"]
[Black "myrmidon"]
[Result "1-0"]
[WhiteElo "1908"]
[BlackElo "1100"]

1. e4 e5 2. Nf3 Nc6 3. Bb5 a6 4. Ba4 Bd6 5. c3 Nf6 6. d4 exd4 7. cxd4 Nxe4 8.
O-O O-O 9. Qd3 Nf6 10. Bg5 b5 11. Bb3 1-0

[Event "Challenge"]
[Site "http://www.queenalice.com/game.php?id=560221"]
[Date "2009.3.23"]
[Round "-"]
[White "Tchecmaurice"]
[Black "myrmidon"]
[Result "1-0"]
[WhiteElo "1793"]
[BlackElo "1100"]

1. e4 e5 2. Nf3 Nc6 3. Bc4 h6 4. c3 d6 5. d4 exd4 6. cxd4 Bg4 7. Be3 Nf6 8. Nc3
Be7 9. Qb3 O-O 10. e5 Na5 11. Qb4 Nxc4 12. exf6 Nxe3 13. fxe3 Bxf6 14. O-O b6
15. h3 Bd7 16. Rf2 Re8 17. e4 1-0

[Event "Challenge"]
[Site "http://www.queenalice.com/game.php?id=560478"]
[Date "2009.3.23"]
[Round "-"]
[White "goldwing"]
[Black "myrmidon"]
[Result "1-0"]
[WhiteElo "1785"]
[BlackElo "1100"]

1. e4 e5 2. Nf3 Nc6 3. Bc4 h6 4. Nc3 Nf6 5. d3 Bb4 6. Bd2 O-O 7. Nd5 Be7 8. Bc3
d6 9. Bb5 Bd7 10. d4 Nxe4 11. Qd3 exd4 12. Bxd4 Nxd4 13. Nxd4 Re8 14. O-O Nc5
15. Qd1 c6 16. Nxe7+ 1-0

[Event "Challenge"]
[Site "http://www.queenalice.com/game.php?id=560481"]
[Date "2009.3.23"]
[Round "-"]
[White "Dangermouse"]
[Black "myrmidon"]
[Result "1-0"]
[WhiteElo "1746"]
[BlackElo "1100"]

1. d4 d5 2. c4 e6 3. Nc3 h6 4. Nf3 Nf6 5. e3 c5 6. cxd5 exd5 7. Bb5+ Nc6 8. O-O
Be7 9. Qa4 Bd7 10. Qb3 Na5 11. Bxd7+ Qxd7 12. Qa4 Nc6 13. Rd1 1-0

[Event "Challenge"]
[Site "http://www.queenalice.com/game.php?id=560652"]
[Date "2009.3.23"]
[Round "-"]
[White "clovis"]
[Black "myrmidon"]
[Result "1-0"]
[WhiteElo "2019"]
[BlackElo "1100"]

1. e4 d5 2. exd5 e6 3. dxe6 Bxe6 4. Nc3 a6 5. Nf3 c5 6. d4 cxd4 7. Qxd4 Qf6 8.
Bg5 Qg6 9. O-O-O Nc6 10. Qb6 Nb4 11. Qd8+ Rxd8 12. Rxd8# 1-0